000 00609nam a2200229Ia 4500
005 20240405114317.0
008 140110s9999 xx 000 0 und d
020 _a9788120325234
_cRs.295.00
040 _aLoreto College
041 _aEnglish
082 _a515.35
_bAHS
100 _aAhsan,Zafar
245 _aDifferential equations and their applications
_cZafar Ahsan
250 _a2nd ed.
260 _aNew Delhi
_bPHI Learning
_c2010
300 _axiv,514p
504 _aIncludes index
650 _aDifferential equations
651 _aDifferential calculus
850 _aLCLIB
942 _cBK
999 _c38060
_d88539